Introduction to seismology

Saved in:
Bibliographic Details
Main Author: Shearer, Peter M. (Author)
Format: Book
Language:English
Published: Cambridge : Cambridge University Press, 1999
Edition:1st publ
Subjects:
Online Access:OBSAH
Tags: Add Tag
No Tags, Be the first to tag this record!

MARC

LEADER 00000nam a22000003a 4500
001 stu117045
005 20150617225911.7
008 060428s1999----uk------------------eng-d
020 |a 0-521-66953-7 
040 |a STU  |b slo 
041 0 |a eng 
044 |a uk 
080 |a 550.34 
100 1 |a Shearer, Peter M.  |4 aut 
245 1 |a Introduction to seismology 
250 |a 1st publ 
260 |a Cambridge :  |b Cambridge University Press,  |c 1999 
300 |a 260 s 
650 7 |a seizmológia  |2 stusub 
856 4 |a https://sweb.mtf.stuba.sk/obsahy/introduction_to_seismology_99  |u https://sweb.mtf.stuba.sk/obsahy/introduction_to_seismology_99  |3 OBSAH 
996 |b 284M072919  |c M*11905-1  |l MMST  |s A  |a 24  |w stu117045_0001